000 00334nam a2200133Ia 4500
003 GCL
008 140319s9999 xx 000 0 ara d
040 _aGCL /
_cGCL
082 0 4 _a811.9
_bس ذ
245 1 0 _aذئاب الليالى
260 _a[S.N] :
_bدار سعاد الصباح ،
_c1993
300 _a70 ص
490 _aشعر
_v0
999 _c28784
_d28784